[Event "JAM-ch"]
[Site "Kingston"]
[Date "2007.07.29"]
[Round "4"]
[White "Holness, Mark"]
[Black "Elliott, Warren"]
[Result "0-1"]
[WhiteElo "2021"]
[BlackElo "2239"]
[PlyCount "170"]
[EventDate "2007.07.21"]
[EventType "tourn"]
[EventRounds "11"]
[EventCountry "JAM"]
[SourceTitle "EXT 2023"]
[Source "ChessBase"]
[SourceDate "2022.10.05"]
[SourceVersion "1"]
[SourceVersionDate "2022.10.05"]
[SourceQuality "1"]

1. e4 c5 2. c3 Nf6 3. e5 Nd5 4. Nf3 e6 5. Bc4 Nb6 6. Bb3 c4 7. Bc2 Nc6 8. d4 cxd3 9. Bxd3 Qc7 10. Qe2 d6 11. exd6 Bxd6 12. Nbd2 Ne5 13. Nxe5 Bxe5 14. Nc4 Nxc4 15. Bxc4 Bd7 16. Bd2 0-0 17. h3 Rfd8 18. 0-0 Rac8 19. Bb3 Bb5 20. Qxb5 Rxd2 21. Rad1 a6 22. Qa4 Rxb2 23. Rd7 Qc5 24. Rxb7 Rd2 25. Rd7 Rxd7 26. Qxd7 Qxc3 27. Rd1 h6 28. Qa4 a5 29. Qe4 Bb8 30. g3 Ba7 31. Kg2 Qc5 32. Rd2 Qb4 33. Qxb4 axb4 34. Kf3 Rc7 35. Ke2 Kf8 36. f3 Ke7 37. Rc2 Bc5 38. f4 Kd6 39. Rd2+ Ke7 40. Rc2 Kf6 41. Rd2 h5 42. Kf3 Ba7 43. Ke2 Rc3 44. Rd3 Rc1 45. Rd1 Rc7 46. Rd2 Bg1 47. Kf1 Be3 48. Rc2 Rd7 49. Ke2 Bd4 50. Rd2 e5 51. fxe5+ Kxe5 52. Kf3 Rc7 53. Rc2 Bc3 54. Re2+ Kf6 55. g4 h4 56. Re3 Bd4 57. Rd3 Ke5 58. Bd1 Rc6 59. Ke2 Ke4 60. Rd2 Rf6 61. Bc2+ Ke5 62. Rd3 Rf2+ 63. Kd1 f6 64. a3 Rf1+ 65. Ke2 Rf2+ 66. Kd1 bxa3 67. Rxa3 Rg2 68. Rf3 Rg3 69. Ke2 Rg2+ 70. Kd3 Bf2 71. Bd1 Bg3 72. Be2 Bf4 73. Bf1 Rd2+ 74. Kc3 Ra2 75. Kd3 g5 76. Kc4 Ke4 77. Rb3 Rc2+ 78. Kb5 Rf2 79. Bc4 Be3 80. Rb1 Kf3 81. Bd5+ Kg3 82. Rb3 Re2 83. Bc4 Re1 84. Bf1 Rxf1 85. Rxe3+ Rf3 0-1

[Event "JAM-ch"]
[Site "Kingston"]
[Date "2005.04.30"]
[Round "8.6"]
[White "Lorne, Ras Malaku"]
[Black "Holness, Mark"]
[Result "1-0"]
[WhiteElo "2081"]
[BlackElo "2063"]
[PlyCount "59"]
[EventDate "2005.04.03"]
[EventType "tourn"]
[EventRounds "11"]
[EventCountry "JAM"]
[SourceTitle "EXT 2015"]
[Source "ChessBase"]
[SourceDate "2014.11.20"]
[SourceVersion "1"]
[SourceVersionDate "2014.11.20"]
[SourceQuality "1"]

1. e4 e6 2. d4 d5 3. Nc3 Nf6 4. Bg5 Be7 5. e5 Nfd7 6. Bxe7 Qxe7 7. f4 f5 8. Nf3 a6 9. Qd2 c5 10. 0-0-0 Nc6 11. h3 cxd4 12. Nxd4 Nxd4 13. Qxd4 Qc5 14. Qd2 Nb6 15. g4 g6 16. gxf5 gxf5 17. Qe2 Bd7 18. Qh5+ Kd8 19. Rd3 Kc7 20. Nd1 Qe7 21. Rg1 Rag8 22. Rdg3 Qf8 23. Qf3 Be8 24. Qf2 Bf7 25. Rc3+ Nc4 26. Rxg8 Rxg8 27. b3 Qh6 28. bxc4 dxc4 29. Bxc4 Kb8 30. Bxa6 1-0